Central Library OPAC University of Rajshahi
Normal view MARC view

Entry Personal Name

Number of records used in: 3

001 - CONTROL NUMBER

  • control field: 714

003 - CONTROL NUMBER IDENTIFIER

  • control field: BD-RjUL

005 - DATE AND TIME OF LATEST TRANSACTION

  • control field: 20220113104704.0

008 - FIXED-LENGTH DATA ELEMENTS

  • fixed length control field: 220113|| aca||aabn | a|a d

040 ## - CATALOGING SOURCE

  • Original cataloging agency: BD-RjUL
  • Transcribing agency: BD-RjUL

100 ## - HEADING--PERSONAL NAME

  • Personal name: Ḥassān ibn Thābit,
  • Dates associated with a name: -674.
  • General subdivision: Criticism and interpretation

670 ## - SOURCE DATA FOUND

  • Source citation: Work cat.: (BD-RjUL)79173: مسود, افتخرل العالم ;; Masud, Iftikharrul Alam 248319, ;;حسان بن ثابت : شعره في الفتوحات الاسلامية ;; Hasan ibn Thabit : Shi`rahu fi al-futuhat al-Islamiyah , 2000